000 00310nam a2200097Ia 4500
008 160715s9999 xx 000 0 und d
245 _aBusiness Icon Chat with MVP (Invitation)
260 _bSouthville International School and Colleges
_cNovember 10, 2015
500 _aInvitation
650 _aArchival materials.
999 _c297752
_d297752